000 01340cam a2200277 a 4500
005 20260216101837.0
008 111221s2011 ii b 101 0 eng
020 _a9780198075035
020 _a0198075030
082 _a306 MAH
100 _aEdited by Mahajan Gurpreet
245 0 0 _aAccommodating diversity :
_bideas and institutional practices /
_cedited by Gurpreet Mahajan.
260 _aNew Delhi :
_bOxford University Press,
_c2011.
300 _axvi, 340 p. ;
_c22 cm.
504 _aIncludes bibliographical references and index.
520 _aContributed articles presented at a seminar organized by IIAS at Centre for Political Studies, Jawaharlal Nehru University, New Delhi.
650 0 _aCultural pluralism
_zIndia
_vCongresses.
650 0 _aMulticulturalism
_zIndia
_vCongresses.
655 7 _aConference papers and proceedings.
_2lcgft
_0https://id.loc.gov/authorities/genreForms/gf2014026068
700 1 _aMahajan, Gurpreet.
710 2 _aIndian Institute of Advanced Study.
856 4 2 _3Contributor biographical information
_uhttp://www.loc.gov/catdir/enhancements/fy1205/2011351610-b.html
856 4 2 _3Publisher description
_uhttp://www.loc.gov/catdir/enhancements/fy1205/2011351610-d.html
856 4 1 _3Table of contents only
_uhttp://www.loc.gov/catdir/enhancements/fy1205/2011351610-t.html
942 _2ddc
_cBK
999 _c29668
_d29668